000 00522nam a22001817b 4500
003 3228
005 20260326153843.0
008 260326b sa ||||| |||| 00| 0 eng d
020 _a9781788178457
040 _aMPL
_bEng
_c3228
_erda
041 _aEnglish
082 0 _a204.082
100 _9198958
_aMORGAN MIGLIORISI
_eMORGAN MIGLIORISI
245 _a365 DAYS OF DIVINE FEMININE WISDOM
_bDAILY GUIDANCE FOR THE GODDESS WITHIN
260 _aUNITED KINGDOM
_bHAY HOUSE
_c2023
300 _a301
_c20cm
942 _2ddc
_cBOOK
_w307
_xKhelina Sibanyoni
_y307
_zKhelina Sibanyoni
999 _c795251
_d795250